000 00763nam a2200217Ia 4500
003 GCL
008 140319s9999 xx 000 0 ara d
040 _aGCL /
_cGCL
082 0 4 _aش ف
_b611.3
_bك م
100 1 _aك . م للانتاج
245 1 0 _aموسوعة رحلة داخل جسم الانسان (شرائط فيديو) /
_cك . م للانتاج
260 _aالقاهرة :
_bهاى فيلم للانتاج والتوزيع ،
_c1993
300 _a1 شريط:
_bلو ؛
_c1\2 بوصة
650 0 4 _aجسم الانسان
650 0 4 _aالتشريح
650 0 4 _aالامراض، علم
650 0 4 _aالفيديو، أشرطة
650 0 4 _aالتسجيلات المرئية
650 0 4 _aالافلام العلمية
942 _2ddc
_cVM
999 _c4297
_d4297